Project management lessons learned : a continuous process improvement framework

Bibliographic Details
Main Author: Bost, Mel (Author)
Format: Book
Language:English
Published: Boca Raton, FL : CRC Press/Taylor & FrancisGroup [2018]
Subjects:

MARC

LEADER 00000cam a2200000 7i4500
001 0000030460
005 20241203.0
008 231002 flua eng
020 |a 9781032095271 (pbk) 
040 |a INS   |b eng   |e rda 
090 0 0 |a HD69.P75   |b .B67 2018 
100 1 |a Bost, Mel ,   |e author 
245 1 0 |a Project management lessons learned :   |b a continuous process improvement framework   |c Mel Bost 
264 1 |a Boca Raton, FL :   |b CRC Press/Taylor & FrancisGroup   |c [2018] 
264 4 |c ©2018 
300 |a xxviii, 207 pages :   |b illustrations ;   |c 24 cm. 
336 |a text  |2 rdacontent 
337 |a unmediated  |2 rdamedia 
338 |a volume  |2 rdacarrier 
504 |a Includes bibliographical references and index 
650 0 |a Leadership 
650 0 |a Organizational behavior 
650 0 |a Project management 
999 |a 1000004729   |b BOOK   |c Open Shelf   |e Default branch